000 00535cas a22001935a 4500
001 L138075
008 070515c20012001xxkqr p 0 a0eng u
035 _a(Sirsi) u138075
041 0 _aeng
110 2 _aRoyal Institution of Chartered Surveyors
_bHereford, Shropshire and Montgomeryshire Branch
_95194
245 0 0 _aBorderline
260 _aS.l.
_bRICS
_c[198?]-2001
362 0 _a17(1) August 1993-Summer 2001
554 _aQuarterly
651 4 _aSHROPSHIRE
651 4 _aMONTGOMERYSHIRE
651 4 _aHEREFORD
942 _n0
999 _c118946
_d118946